| Tag |
First Indicator |
Second Indicator |
Subfields |
| LEADER |
00000cam a22000001a 4500 |
| 001 |
in00003666089 |
| 005 |
20190408173406.0 |
| 006 |
m o d f |
| 007 |
cr bn mmmapmmp |
| 008 |
030117s1865 dcu o f000 0 eng d |
| 035 |
|
|
|a ebd1909602968
|
| 040 |
|
|
|a UMI
|c UMI
|d UtOrBLW
|
| 086 |
0 |
|
|a SI 1.6:v.15/[art.5]
|
| 099 |
|
|
|a SI106-15.5
|
| 245 |
0 |
0 |
|a Physical observations in Arctic seas by Isaac I. Hayes, M.D. commanding expedition made on west coast of north Greenland, vicinity of Smith Strait and west side of Kennedy Channel, during 1860 and 1861.
|
| 264 |
|
1 |
|a Washington, D.C. :
|b [publisher not identified],
|c 1865.
|
| 300 |
|
|
|a 1 online resource (xi, 271 pages)
|
| 336 |
|
|
|a text
|b txt
|2 rdacontent
|
| 337 |
|
|
|a computer
|b c
|2 rdamedia
|
| 338 |
|
|
|a online resource
|b cr
|2 rdacarrier
|
| 490 |
0 |
|
|a Smithsonian Contributions to Knowledge, Vol. 15, Art. 5
|
| 500 |
|
|
|a [With astronomical calculations to determine geographic position, and detailed data on terrestrial magnetism, tides, and weather]
|
| 500 |
|
|
|a Record is based on bibliographic data in ProQuest U.S. Executive Branch Documents, 1789-1909. Reuse except for individual research requires license from ProQuest, LLC.
|
| 533 |
|
|
|a Electronic reproduction.
|b [Bethesda, Md.] :
|c ProQuest,
|d 2012.
|e digital, PDF file.
|n ProQuest U.S. Executive Branch Documents, 1789-1909.
|n Mode of access: World Wide Web via ProQuest website.
|
| 538 |
|
|
|a System requirements: PDF reader software.
|
| 500 |
|
|
|a Electronic resource.
|
| 650 |
|
0 |
|a Astronomy
|v Observations
|z Arctic Ocean.
|
| 655 |
|
7 |
|a Electronic books.
|2 local
|
| 700 |
1 |
|
|a Hayes, I. I.
|q (Isaac Israel),
|d 1832-1881.
|0 http://id.loc.gov/authorities/names/n86853136
|
| 700 |
1 |
|
|a Schott, Charles A.
|q (Charles Anthony),
|d 1826-1901.
|0 http://id.loc.gov/authorities/names/n87820427
|
| 776 |
1 |
8 |
|i Microfiche version:
|t Physical observations in Arctic seas by Isaac I. Hayes, M.D. commanding expedition made on west coast of north Greenland, vicinity of Smith Strait and west side of Kennedy Channel, during 1860 and 1861
|o CIS US Exec MF SI106-15.5
|w (ProQuest)cis19060717
|
| 856 |
4 |
0 |
|u http://proxy.library.tamu.edu/login?url=http://congressional.proquest.com/congressional/docview/t66.d71.si106-15.5
|z Connect to the full text of this electronic document
|t 0
|
| 999 |
f |
f |
|s 114f91b9-96d2-3732-b47e-df78e80a7a83
|i d6f8ab6b-5a47-3036-876a-344deeb46300
|t 0
|
| 952 |
f |
f |
|a Texas A&M University
|b College Station
|c Electronic Resources
|d Available Online
|t 0
|h No information provided
|
| 998 |
f |
f |
|t 0
|l Available Online
|